| 000 | 01419nam a2200349 i 4500 | ||
|---|---|---|---|
| 003 | EG-ScBUE | ||
| 005 | 20231023143302.0 | ||
| 008 | 160204s2011 ua f 000 0 ara d | ||
| 017 | _a2011 / 25411 | ||
| 020 | _a9776177386 | ||
| 040 |
_aEG-ScBUE _bara _erda _cEG-ScBUE _dEG-ScBUE |
||
| 082 | 0 | 4 |
_a923.2 _bد ا ي _222 |
| 100 | 1 |
_aدايان، موشيه، _d1981-1915، _eمؤلف. _939260 |
|
| 245 | 1 | 0 |
_aموشى ديان : _bقصة حياتي / _cإعداد د. الحسيني الحسيني معدي. |
| 246 | 3 | 4 | _aمذكرات موشيه دايان |
| 250 | _aالطبعة الأولى. | ||
| 264 | 1 |
_aالقاهرة : _bدار الخلود للنشر والتوزيع، _c2011. |
|
| 300 |
_a432 صفحة ؛ _c22 سم |
||
| 336 |
_2rdacontent _aنص _btxt |
||
| 337 |
_2rdamedia _aبدون وسيط _bn |
||
| 338 |
_2rdacarrier _aمجلد _bnc |
||
| 541 | _aDonation from Judge Medhat Abo El-Fadl. | ||
| 600 | 1 | 7 |
_aدايان، موشيه، _d1981-1915. _2BUEsh _939260 |
| 650 | 7 |
_aالسياسيون الإسرائيليون _xتراجم. _2BUEsh _939256 |
|
| 650 | 7 |
_aالعسكريون الإسرائيليون _xتراجم. _2BUEsh |
|
| 650 | 0 |
_aالنزاع العربي الإسرائيلي. _2BUEsh |
|
| 651 | 0 |
_aإسرائيل _xتاريخ _yقرن 20. _2BUEsh |
|
| 653 |
_bGGEN _cFebruary2016 |
||
| 655 | _vReading book | ||
| 700 | 1 |
_aمعدي، الحسيني الحسيني، _eمعد. |
|
| 942 | _2ddc | ||
| 999 |
_c21125 _d21097 |
||